000 00587nam a2200205Ia 4500
003 IIN
005 20240125155856.0
008 231217s9999 xx 000 0 und d
020 _cFree
_aNIL
040 _aIIN
_bEnglish
082 _a615.1
_bPAT
100 1 _aJPathania, Joginder Singh
245 1 _aPharmacology Revision Booklet:
_b for B.Sc Nursing
_cJoginder Singh Pathania , Rupendra Kumar Bharti & Vikas Sood
260 _bCBS
_aNew Delhi
_c2017
300 _a54p.
650 1 _aPharmacology
700 1 _aBharti, Rupendra Kumar
700 1 _aSood, Vikas
942 _cBOOK
999 _c1416
_d1416